البدع والمنكرات فى تجهيز الجنائز فى ماليزيا : دراسة توصيفيى ميدانية /
Saved in:
| Main Author: | |
|---|---|
| Other Authors: | |
| Format: | Thesis |
| Language: | Arabic |
| Published: |
Gombak, Selangor :
al-Jami'ah al-Islamiyah al-'Alamiyah Maliziya,
2003
|
| Subjects: | |
| Tags: |
Add Tag
No Tags, Be the first to tag this record!
|
| LEADER | 023030000a22004210004500 | ||
|---|---|---|---|
| 001 | 289797 | ||
| 005 | 20230222110745.0 | ||
| 008 | 031029s2003 my g 000 0 ara d | ||
| 035 | |a (Sirsi) 289797 | ||
| 040 | |a UIAM |b eng | ||
| 041 | 0 | |a ara | |
| 050 | 0 | 0 | |a BP184.9.F8 |
| 100 | 0 | |a روح الهدى بنت عبد الحليم |9 35351 | |
| 242 | 1 | 3 | |a al-Bida' wa al-munkarat fi tajhiz al-jana'iz fi Maliziya : dirasah tawsifiyah maydaniyah |
| 245 | 1 | 2 | |a البدع والمنكرات فى تجهيز الجنائز فى ماليزيا : دراسة توصيفيى ميدانية / |c اعداد روح الهدى بنت عبد الحليم |
| 260 | |a Gombak, Selangor : |b al-Jami'ah al-Islamiyah al-'Alamiyah Maliziya, |c 2003 | ||
| 300 | |a 155 leaves ; |c 31 cm. | ||
| 336 | |2 rdacontent | ||
| 337 | |2 rdamedia | ||
| 338 | |2 rdacarrier | ||
| 500 | |a Abstracts in Arabic and English | ||
| 502 | |a Thesis (MIRKH)--International Islamic University Malaysia, 2003 | ||
| 502 | |a " ... for the degree of Master of Fiqh and Usul al-Fiqh "--Approval page | ||
| 530 | |a Also available on 3 1/2 in. computer disk | ||
| 650 | 0 | |a Funeral rites and ceremonies, Islamic |9 35352 | |
| 650 | 0 | |a Funeral rites and ceremonies |z Malaysia |9 35353 | |
| 651 | 0 | |a Heresies, Islamic |z Malaysia |9 35354 | |
| 655 | 0 | 7 | |a Theses, IIUM local |
| 690 | 0 | |a Dissertations, Academic |x Department of Fiqh and Usul al-Fiqh |z IIUM | |
| 700 | 0 | |a Ruhul Huda binti Abdul Halim |9 35355 | |
| 730 | 0 | |a al-Bida' wa al-munkarat fi tajhiz al-jana'iz fi Maliziya : dirasah tawsifiyah maydaniyah (Computer file) |9 35356 | |
| 900 | |a ami | ||
| 942 | |2 lcc |n 0 | ||
| 999 | |c 432398 |d 463747 | ||
| 952 | |0 0 |6 LU T BP 184.9 F8 R933B 2003 |7 0 |8 THESES |9 755102 |a IIUM |b IIUM |c CLOSEACCES |g 0.00 |o lu t BP 184.9 F8 R933B 2003 |p 00000902317 |r 2017-10-24 |t 1 |v 0.00 |y THESIS | ||
| 952 | |0 0 |6 LU T BP 184.9 F8 R933B 2003 |7 0 |8 THESES |9 755103 |a IIUM |b IIUM |c CLOSEACCES |g 0.00 |o lu t BP 184.9 F8 R933B 2003 |p 00000902316 |r 2017-10-24 |t 2 |v 0.00 |y THESIS | ||
| 952 | |0 0 |6 T BP 184.9 F8 R933B 2003 |7 0 |8 THESES |9 755221 |a IIUM |b IIUM |c MULTIMEDIA |g 0.00 |o t BP 184.9 F8 R933B 2003 |p 00011275194 |r 2017-10-19 |t 1 |v 0.00 |y THESIS | ||
| 952 | |0 0 |6 TS DK BP184.9F8R933B 2003 |7 0 |8 THESES |9 816392 |a IIUM |b IIUM |c MULTIMEDIA |g 0.00 |o ts dk BP184.9F8R933B 2003 |p 00000907014 |r 2017-11-17 |t 1 |v 0.00 |y THESISDIG | ||
